000 00579nam a2200193Ia 4500
005 20250508151056.0
008 008 250505s9999 xx 000 0 hin d
037 _aBooks to be hide in OPAC
040 _aFEDL
_beng
_cFEDL
041 _ahin
_2hin
084 _a491.433, BRI/O
_qFEDL
100 _aPrashad Kalika
_9758350
245 0 _aBrihat hindi kosh
260 _aBanaras, India
_bGyan Mandal Limited
_c2001
300 _a1608p.
700 _a Shaya Raj Valabh Srivastava Mukundilal
_9758351
942 _cHB
_h491.433, BRI/O
999 _c1327444
_d1327444